Nhập môn sinh học Tài liệu tham khảo

Những kiến thức phổ thông nhưng hiện đại về động vật học, thực vật học, sinh lý thực vật, sinh lý động vật, sinh thái học. Mỗi bài đều có kèm theo các bài thực nghiệm, các câu hỏi kiểm tra

محفوظ في:
التفاصيل البيبلوغرافية
المؤلف الرئيسي: Mackin D.G.
التنسيق: كتاب
اللغة:Vietnamese
منشور في: Kđ. Knxb 1971
الموضوعات:
الوسوم: إضافة وسم
لا توجد وسوم, كن أول من يضع وسما على هذه التسجيلة!
Thư viện lưu trữ: Mạng thư viện Đại học Đà Nẵng
LEADER 01218nam a22003258a 4500
001 000013484
003 9826
005 20120316080346.0
008 120316s1971 b 000 0 vieod
041 0 |a vie 
082 |a 570  |b MA-D 
084 |a E  |b NH123M 
100 1 |a Mackin D.G. 
245 1 0 |a Nhập môn sinh học  |b Tài liệu tham khảo  |c D.G. Mackin 
260 |a Kđ.  |b Knxb  |c 1971 
300 |a 271tr  |c 27cm 
520 |a Những kiến thức phổ thông nhưng hiện đại về động vật học, thực vật học, sinh lý thực vật, sinh lý động vật, sinh thái học. Mỗi bài đều có kèm theo các bài thực nghiệm, các câu hỏi kiểm tra 
653 |a Sinh học 
653 |a tài liệu tham khảo 
910 |a duyên 
OWN |a LSP 
AVA |a UDN50  |b LSP  |d 570 MA-D  |e available  |t Error 5001 Not defined in file expand_doc_bib_avail.  |f 1  |g 0  |h N  |i 0  |k 1 
999 |a From the UDN01 
AVA |a UDN50  |b LSP  |d 570 MA-D  |e available  |t Error 5001 Not defined in file expand_doc_bib_avail.  |f 1  |g 0  |h N  |i 0  |k 1 
TYP |a Monograph 
TYP |a Printed language 
980 |a Mạng thư viện Đại học Đà Nẵng